Handbook of Freshwater Fishery Biology. (Record no. 7260)

MARC details
000 -LEADER
fixed length control field 00607nam a22002177a 4500
003 - CONTROL NUMBER IDENTIFIER
control field OSt
005 - DATE AND TIME OF LATEST TRANSACTION
control field 20240412113220.0
008 - FIXED-LENGTH DATA ELEMENTS--GENERAL INFORMATION
fixed length control field 210922b ||||| |||| 00| 0 eng d
020 ## - INTERNATIONAL STANDARD BOOK NUMBER
International Standard Book Number 0813807093
040 ## - CATALOGING SOURCE
Transcribing agency DDC
082 ## - DEWEY DECIMAL CLASSIFICATION NUMBER
Classification number 597 CAR 1969
100 ## - MAIN ENTRY--PERSONAL NAME
Personal name Edited by Carlander,Kenneth D.
9 (RLIN) 16952
245 ## - TITLE STATEMENT
Title Handbook of Freshwater Fishery Biology.
250 ## - EDITION STATEMENT
Edition statement Vol. one
260 ## - PUBLICATION, DISTRIBUTION, ETC. (IMPRINT)
Place of publication, distribution, etc. USA;
Name of publisher, distributor, etc. The Iowa State University Press
Date of publication, distribution, etc. 1969
300 ## - PHYSICAL DESCRIPTION
Extent vi,752p;
Other physical details ill;
Dimensions 25cm.
504 ## - BIBLIOGRAPHY, ETC. NOTE
Bibliography, etc Includes; references and index.
650 ## - SUBJECT ADDED ENTRY--TOPICAL TERM
Topical term or geographic name as entry element Biology fish
9 (RLIN) 5602
650 ## - SUBJECT ADDED ENTRY--TOPICAL TERM
Topical term or geographic name as entry element Freshwater
9 (RLIN) 16953
942 ## - ADDED ENTRY ELEMENTS (KOHA)
Source of classification or shelving scheme Dewey Decimal Classification
Koha item type Open Shelf
Holdings
Withdrawn status Lost status Source of classification or shelving scheme Damaged status Not for loan Home library Current library Date acquired Source of acquisition Inventory number Total Checkouts Full call number Barcode Date last seen Koha item type
    Dewey Decimal Classification     MUST Main Library MUST Main Library 22/09/2021 Purchase 08/30854   597 CAR 1969 2021-1205 22/09/2021 Open Shelf
    Dewey Decimal Classification     MUST Main Library MUST Main Library 22/09/2021 Purchase 08/30855   597 CAR 1969 2021-1206 22/09/2021 Open Shelf